[Event "NOR-chB"]
[Site "Moss"]
[Date "2006.07.14"]
[Round "8"]
[White "Thonstad, Tore"]
[Black "Bekkelund, Gunnar M"]
[Result "1-0"]
[WhiteElo "1362"]
[BlackElo "1083"]
[PlyCount "89"]
[EventDate "2006.07.08"]
[EventType "swiss"]
[EventRounds "9"]
[EventCountry "NOR"]
[SourceTitle "EXT 2007"]
[Source "ChessBase"]
[SourceDate "2006.11.23"]
[SourceVersion "1"]
[SourceVersionDate "2006.11.23"]
[SourceQuality "1"]

1. d4 d5 2. c4 b6 3. cxd5 Qxd5 4. Nc3 Qa5 5. Nf3 Nf6 6. Bd2 e6 7. e3 Bb4 8. Qc2 Bb7 9. Be2 Bxc3 10. Bxc3 Qd5 11. Bb4 Nc6 12. Ba3 Qa5+ 13. Nd2 b5 14. Bc5 Nb4 15. Bxb4 Qxb4 16. 0-0 c6 17. a3 Qd6 18. Nb3 Nd7 19. Rac1 a5 20. Bf3 Ra6 21. Rfd1 0-0 22. Nd2 f5 23. e4 Qf4 24. g3 Qg5 25. exf5 exf5 26. Qb3+ Kh8 27. Qe6 Nb8 28. Nb3 c5 29. Qe2 Bxf3 30. Qxf3 c4 31. Nc5 Rg6 32. d5 Qh4 33. Ne6 Rff6 34. Re1 f4 35. Nxf4 h6 36. Nxg6+ Rxg6 37. Re8+ Kh7 38. Qf5 Qg5 39. Qxg5 Rxg5 40. Rxb8 Rxd5 41. Rc2 h5 42. f4 Rf5 43. Re8 h4 44. Re5 Kg6 45. Rxf5 1-0